Sonographic evaluation of internal jugular vein diameter and cross-sectional area measurements as a tool for perioperative assessment of volume status and fluid therapy in pediatric patients undergoing cardiac surgery / (Record no. 55694)
[ view plain ]
| 000 -LEADER | |
|---|---|
| fixed length control field | 02435cam a2200349 a 4500 |
| 003 - CONTROL NUMBER IDENTIFIER | |
| control field | EG-GiCUC |
| 005 - DATE AND TIME OF LATEST TRANSACTION | |
| control field | 20250223031446.0 |
| 008 - FIXED-LENGTH DATA ELEMENTS--GENERAL INFORMATION | |
| fixed length control field | 160323s2015 ua h f m 000 0 eng d |
| 040 ## - CATALOGING SOURCE | |
| Original cataloging agency | EG-GiCUC |
| Language of cataloging | eng |
| Transcribing agency | EG-GiCUC |
| 041 0# - LANGUAGE CODE | |
| Language code of text/sound track or separate title | eng |
| 049 ## - LOCAL HOLDINGS (OCLC) | |
| Holding library | Deposite |
| 097 ## - Thesis Degree | |
| Thesis Level | Ph.D |
| 099 ## - LOCAL FREE-TEXT CALL NUMBER (OCLC) | |
| Classification number | Cai01.11.01.Ph.D.2015.Ah.S |
| 100 0# - MAIN ENTRY--PERSONAL NAME | |
| Personal name | Ahmed Abdelaziz Mohamed |
| 245 10 - TITLE STATEMENT | |
| Title | Sonographic evaluation of internal jugular vein diameter and cross-sectional area measurements as a tool for perioperative assessment of volume status and fluid therapy in pediatric patients undergoing cardiac surgery / |
| Statement of responsibility, etc. | Ahmed Abdelaziz Mohamed ; Supervised Wafaa Mohamed Elsadek , Amal Hanfy AboElaela , Heba Mohamed Nassar |
| 246 15 - VARYING FORM OF TITLE | |
| Title proper/short title | تقييم الموجات الصوتية لقياسات القطر و المساحة العرضية من الوريد الوداجى الداخلي اثناء الجراحة كوسيلة لتحديد حالة السوائل داخل جسم الأطفال الخاضعين لعمليات القلب |
| 260 ## - PUBLICATION, DISTRIBUTION, ETC. | |
| Place of publication, distribution, etc. | Cairo : |
| Name of publisher, distributor, etc. | Ahmed Abdelaziz Mohamed , |
| Date of publication, distribution, etc. | 2015 |
| 300 ## - PHYSICAL DESCRIPTION | |
| Extent | 88 Leaves : |
| Other physical details | facsimiles ; |
| Dimensions | 25cm |
| 502 ## - DISSERTATION NOTE | |
| Dissertation note | Thesis (Ph.D.) - Cairo University - Faculty of Medicine - Department of Anaesthesia |
| 520 ## - SUMMARY, ETC. | |
| Summary, etc. | The aim of this study was to compare the ultrasound estimation of the cross sectional area and diameter of internal jugular vein (IJV) with direct estimation of central venous pressure (CVP) and left ventricular end diastolic area (LVEDA) for assessment of intravascular volume in pediatric patients during cardiac surgery. A portable ultrasound machine defined the cross sectional area and diameter of the left internal jugular vein in 16 pediatric patients. CVP was measured directly. Trans-esophageal echo (TEE) was used to estimate LVEDA as another tool for intravascular volume assessment. There was poor correlation between IJV cross sectional area and diameter with CVP and LVEDA. Estimation of CVP using ultrasound of the internal jugular vein is not reliable and cannot be used alone to decide further management |
| 530 ## - ADDITIONAL PHYSICAL FORM AVAILABLE NOTE | |
| Additional physical form available note | Issued also as CD |
| 653 #4 - INDEX TERM--UNCONTROLLED | |
| Uncontrolled term | AVH |
| 653 #4 - INDEX TERM--UNCONTROLLED | |
| Uncontrolled term | PVBA |
| 653 #4 - INDEX TERM--UNCONTROLLED | |
| Uncontrolled term | VKA |
| 700 0# - ADDED ENTRY--PERSONAL NAME | |
| Personal name | Amal Hanfy AboElaela , |
| Relator term | |
| 700 0# - ADDED ENTRY--PERSONAL NAME | |
| Personal name | Heba Mohamed Nassar , |
| Relator term | |
| 700 0# - ADDED ENTRY--PERSONAL NAME | |
| Personal name | Wafaa Mohamed Elsadek , |
| Relator term | |
| 856 ## - ELECTRONIC LOCATION AND ACCESS | |
| Uniform Resource Identifier | <a href="http://172.23.153.220/th.pdf">http://172.23.153.220/th.pdf</a> |
| 905 ## - LOCAL DATA ELEMENT E, LDE (RLIN) | |
| Cataloger | Nazla |
| Reviser | Revisor |
| 905 ## - LOCAL DATA ELEMENT E, LDE (RLIN) | |
| Cataloger | Samia |
| Reviser | Cataloger |
| 942 ## - ADDED ENTRY ELEMENTS (KOHA) | |
| Source of classification or shelving scheme | Dewey Decimal Classification |
| Koha item type | Thesis |
| Source of classification or shelving scheme | Not for loan | Home library | Current library | Date acquired | Full call number | Barcode | Date last seen | Koha item type | Copy number |
|---|---|---|---|---|---|---|---|---|---|
| Dewey Decimal Classification | المكتبة المركزبة الجديدة - جامعة القاهرة | قاعة الرسائل الجامعية - الدور الاول | 11.02.2024 | Cai01.11.01.Ph.D.2015.Ah.S | 01010110068350000 | 22.09.2023 | Thesis | ||
| Dewey Decimal Classification | المكتبة المركزبة الجديدة - جامعة القاهرة | مخـــزن الرســائل الجـــامعية - البدروم | 11.02.2024 | Cai01.11.01.Ph.D.2015.Ah.S | 01020110068350000 | 22.09.2023 | CD - Rom | 68350.CD |